[Event "ch-RUS Rapid w 2016"]
[Site "Sochi RUS"]
[Date "2016.10.03"]
[Round "8.14"]
[White "Gvanceladze, Anna"]
[Black "Bulatova, Kamaliya"]
[Result "1-0"]
[WhiteTitle "WFM"]
[WhiteElo "2223"]
[BlackElo "1989"]
[WhiteFideId "4113721"]
[BlackFideId "34111546"]
[EventDate "2016.10.02"]

1. d4 Nf6 2. Nf3 g6 3. Bf4 Bg7 4. e3 d6 5. h3 O-O 6. Be2 c5 7. c3 Be6 8. Nbd2
Qb6 9. Qc2 Nc6 10. Nc4 Qd8 11. O-O Bf5 12. Bd3 Bxd3 13. Qxd3 b5 14. Ncd2 c4 15.
Qc2 d5 16. e4 e6 17. Ne5 Nxe5 18. Bxe5 a5 19. a3 Nxe4 20. Bxg7 Kxg7 21. Nxe4
dxe4 22. Qxe4 Qc7 23. Rfe1 Kg8 24. h4 Rad8 25. Qe5 Qc6 26. Qf6 Rd5 27. Re5 Rxe5
28. Qxe5 f6 29. Qf4 Rd8 30. Re1 Kg7 31. Re3 Rd5 32. Qb8 a4 33. Qg3 Kf7 34. Qf3
Qd7 35. Qf4 Kg7 36. Qe4 Kf7 37. Rf3 Kg7 38. g4 Qd6 39. Kg2 h5 40. Rg3 f5 41.
gxf5 Rxf5 42. Rf3 Qd5 43. Qxd5 Rxd5 44. Re3 Kf6 45. f4 Rf5 46. Kf3 Rd5 47. Ke4
Rf5 48. Rg3 Rd5 49. Rg2 Kf7 50. Rg5 Rf5 51. Rxf5+ gxf5+ 52. Ke5 Ke7 53. d5 exd5
54. Kxd5 Kd7 55. Ke5 1-0

[Event "ch-RUS Rapid w 2016"]
[Site "Sochi RUS"]
[Date "2016.10.03"]
[Round "8.15"]
[White "Makarenko, Alexandra"]
[Black "Nosacheva, Mariya"]
[Result "1-0"]
[WhiteTitle "WFM"]
[WhiteElo "2243"]
[BlackElo "2047"]
[WhiteFideId "4165055"]
[BlackFideId "34111422"]
[EventDate "2016.10.02"]

1. e4 e5 2. Nf3 Nc6 3. Bb5 Nf6 4. d3 d6 5. Qe2 Bd7 6. Bxc6 Bxc6 7. Nbd2 Be7 8.
Nc4 Qd7 9. Bd2 Bb5 10. Na5 Ba6 11. a4 O-O 12. O-O Rfe8 13. c4 c6 14. b4 b5 15.
Nxc6 Qxc6 16. axb5 Bxb5 17. cxb5 Qxb5 18. Ra5 Qb7 19. Rfa1 Bd8 20. R5a2 Bb6 21.
Bg5 Nd7 22. h3 Nf8 23. Be3 Ne6 24. Ra4 h6 25. Kh2 Rec8 26. Nh4 Bxe3 27. Qxe3 Nd4
28. Nf5 Nxf5 29. exf5 Rc2 30. Kg1 f6 31. d4 Qf7 32. dxe5 fxe5 33. Qe4 Rac8 34.
Rxa7 R2c7 35. Rxc7 Rxc7 36. Ra8+ Kh7 37. b5 Rb7 38. Rf8 Qxf8 39. f6+ Kh8 40.
Qxb7 Qxf6 41. b6 Qf4 42. Qc8+ Kh7 43. b7 e4 44. b8=Q e3 45. Qg8+ Kg6 46. Qbe8+ 1-0

[Event "ch-RUS Rapid w 2016"]
[Site "Sochi RUS"]
[Date "2016.10.03"]
[Round "9.1"]
[White "Charochkina, Daria"]
[Black "Goryachkina, Aleksandra"]
[Result "1/2-1/2"]
[WhiteTitle "IM"]
[BlackTitle "WGM"]
[WhiteElo "2366"]
[BlackElo "2460"]
[WhiteFideId "4180917"]
[BlackFideId "4147103"]
[EventDate "2016.10.02"]

1. c4 e6 2. d4 Nf6 3. Nc3 Bb4 4. Qc2 c5 5. dxc5 O-O 6. a3 Bxc5 7. Nf3 Nc6 8. Bg5
Be7 9. e3 b6 10. Rd1 h6 11. Bh4 Bb7 12. Be2 Rc8 13. O-O a6 14. Rd2 Qc7 15. Rfd1
Rfd8 16. b4 d6 17. Qb1 Qb8 18. h3 Ne5 19. Nxe5 dxe5 20. Bg3 Qc7 21. Rxd8+ Bxd8
22. Rd2 Qc6 23. Bf1 Bc7 24. Qd1 Qe8 25. Bh4 Qe7 26. Be2 Rd8 27. Rxd8+ Qxd8 28.
Qxd8+ Bxd8 29. Bg3 Bc7 30. f3 Kf8 31. Kf1 Ke7 32. Ke1 Nd7 33. e4 Bd6 34. Kd2 Kd8
35. Bf2 Kc7 36. Kc2 g6 37. Kb3 f5 38. Bd3 f4 39. a4 Be7 40. Be1 Bc6 41. Bc2 g5
42. Ne2 h5 43. Nc1 a5 44. b5 Bb7 1/2-1/2

[Event "ch-RUS Rapid w 2016"]
[Site "Sochi RUS"]
[Date "2016.10.03"]
[Round "9.3"]
[White "Gritsayeva, Oksana"]
[Black "Pustovoitova, Daria"]
[Result "1-0"]
[WhiteTitle "WFM"]
[BlackTitle "FM"]
[WhiteElo "2321"]
[BlackElo "2386"]
[WhiteFideId "14104652"]
[BlackFideId "4182146"]
[EventDate "2016.10.02"]

1. e4 e6 2. d4 d5 3. exd5 exd5 4. Bd3 c5 5. dxc5 Bxc5 6. Nf3 Nf6 7. O-O O-O 8.
Nbd2 Nc6 9. Nb3 Bb6 10. Bg5 h6 11. Bh4 g5 12. Bg3 Ne4 13. Bxe4 dxe4 14. Ne5 Be6
15. Nxc6 bxc6 16. Be5 f6 17. Bc3 Bd5 18. Qh5 Kh7 19. Rad1 f5 20. Bb4 Rf6 21. c4
f4 22. cxd5 cxd5 23. Bc3 Rf8 24. Qg4 f3 25. g3 Rf7 26. Qe6 Qd7 27. Qxd5 Qxd5 28.
Rxd5 e3 29. fxe3 Bxe3+ 30. Kh1 g4 31. Bd2 Bxd2 32. Rxd2 Re7 33. Kg1 Rae8 34. Nd4
h5 35. Kf2 Re4 36. h3 Kg6 37. hxg4 hxg4 38. Rc1 Rd8 39. Rcd1 Rde8 40. b4 Rh8 41.
b5 Rh2+ 42. Kg1 Rh3 43. Rh2 Rxg3+ 44. Kf2 Rg2+ 45. Rxg2 fxg2 46. a4 Kg5 47. a5
g3+ 48. Kxg2 Kg4 49. b6 axb6 50. axb6 Rf4 51. Rd2 Rf7 52. Rb2 Rh7 53. Nf3 Rb7
54. Rb5 Kf4 55. Ne5 1-0

[Event "ch-RUS Rapid w 2016"]
[Site "Sochi RUS"]
[Date "2016.10.03"]
[Round "9.4"]
[White "Ambartsumova, Karina"]
[Black "Vasilevich, Irina"]
[Result "1-0"]
[WhiteTitle "WGM"]
[BlackTitle "IM"]
[WhiteElo "2280"]
[BlackElo "2285"]
[WhiteFideId "4166299"]
[BlackFideId "4141296"]
[EventDate "2016.10.02"]

1. e4 c5 2. Nf3 e6 3. d4 cxd4 4. Nxd4 Nc6 5. Nc3 a6 6. Nxc6 bxc6 7. Bd3 d5 8.
Qf3 Nf6 9. O-O Be7 10. Qg3 g6 11. Re1 O-O 12. Bh6 Re8 13. e5 Nd7 14. Rad1 Rb8
15. Na4 Nb6 16. Nxb6 Qxb6 17. b3 a5 18. h4 Qb4 19. c4 Bf8 20. Bd2 Qb6 21. h5 Bg7
22. Be3 c5 23. hxg6 fxg6 24. Bg5 d4 25. Re4 Qc7 26. Rde1 Rf8 27. Rh4 Qf7 28. f3
a4 29. bxa4 Rb2 30. Be4 Rxa2 31. Qh3 Bxe5 32. Bxg6 Qxg6 33. Rxe5 Rf5 34. Rxf5
exf5 35. Bf4 d3 36. Rh6 Qg7 37. Rd6 Bb7 38. Rd8+ Kf7 39. Rd7+ Kg8 40. Rxg7+ Kxg7
41. Qxf5 d2 42. Qd7+ 1-0

[Event "ch-RUS Rapid w 2016"]
[Site "Sochi RUS"]
[Date "2016.10.03"]
[Round "9.5"]
[White "Galliamova, Alisa"]
[Black "Girya, Olga"]
[Result "1-0"]
[WhiteTitle "IM"]
[BlackTitle "WGM"]
[WhiteElo "2450"]
[BlackElo "2446"]
[WhiteFideId "4129725"]
[BlackFideId "4195752"]
[EventDate "2016.10.02"]

1. d4 d5 2. c4 c6 3. Nf3 Nf6 4. e3 Bg4 5. Qb3 Qb6 6. Nc3 e6 7. Nh4 Bh5 8. h3
Nbd7 9. g4 Bg6 10. Nxg6 hxg6 11. Bg2 g5 12. O-O Be7 13. Rd1 Qxb3 14. axb3 a6 15.
cxd5 exd5 16. f3 Nf8 17. e4 Ne6 18. Ne2 Rd8 19. Be3 c5 20. e5 Nd7 21. f4 gxf4
22. Nxf4 Nxf4 23. Bxf4 cxd4 24. Bxd5 Nc5 25. Bg2 Nxb3 26. Ra4 Rd7 27. Rc4 O-O
28. Rd3 b5 29. Rc6 Nc5 30. Rd1 a5 31. Bg3 b4 32. Bh4 Ne6 33. Bf2 a4 34. Bf1 a3
35. bxa3 bxa3 36. Bc4 Nf4 37. Rxd4 a2 38. Ra6 Rxd4 39. Bxd4 Rd8 40. Bb2 Rd1+ 41.
Kh2 Rd2+ 42. Kg3 g5 43. Rxa2 Rg2+ 44. Kf3 Rh2 45. Ke4 Nxh3 46. Ra8+ Kh7 47. Bd4
Nf2+ 48. Kf5 Rh3 49. Bxf7 Rf3+ 50. Ke6 Bb4 51. Ra7 Rf4 52. Be3 Rf3 53. Bxg5 Bc5
54. Rc7 Ne4 55. Bh5+ Kg8 56. Bh6 Ba3 57. Bg6 Nc5+ 58. Kd5 Na6 59. Rc8+ Bf8 60.
e6 Nb4+ 61. Ke4 Rf6 62. Bf7+ 1-0

[Event "ch-RUS Rapid w 2016"]
[Site "Sochi RUS"]
[Date "2016.10.03"]
[Round "9.6"]
[White "Nechaeva, Marina"]
[Black "Diakonova, Ekaterina"]
[Result "0-1"]
[WhiteTitle "IM"]
[WhiteElo "2428"]
[BlackElo "2321"]
[WhiteFideId "4149351"]
[BlackFideId "24172936"]
[EventDate "2016.10.02"]

1. d4 Nf6 2. c4 g6 3. Nc3 Bg7 4. e4 d6 5. f3 O-O 6. Nge2 c5 7. Be3 Nc6 8. d5 Ne5
9. Ng3 h5 10. Be2 e6 11. O-O exd5 12. cxd5 a6 13. a4 Rb8 14. h3 Ned7 15. a5 b5
16. axb6 Qxb6 17. Ra2 Ne8 18. f4 Nc7 19. Bd3 Nb5 20. Nxb5 axb5 21. b4 Qd8 22.
Ne2 Re8 23. bxc5 Nxc5 24. Nd4 Bd7 25. f5 b4 26. fxg6 fxg6 27. Nc6 Bxc6 28. dxc6
Nxd3 29. Qxd3 Qe7 30. c7 Rbc8 31. Bb6 Qxe4 32. Qxd6 b3 33. Rd2 b2 34. Rdd1 Qe6
35. Qb4 Qe4 36. Qb5 Qe5 37. Rd5 Qe2 38. Qb3 Kh8 39. Rd8 Qe7 40. Qd3 Kh7 41. Rd7
Qe4 42. Qd6 b1=Q 43. Rxg7+ Kxg7 44. Qd4+ Kg8 45. Rxb1 Qxb1+ 46. Kh2 Qe4 0-1

[Event "ch-RUS Rapid w 2016"]
[Site "Sochi RUS"]
[Date "2016.10.03"]
[Round "9.7"]
[White "Nebolsina, Vera"]
[Black "Vasilevich, Tatjana"]
[Result "0-1"]
[WhiteTitle "WGM"]
[BlackTitle "IM"]
[WhiteElo "2219"]
[BlackElo "2372"]
[WhiteFideId "4163591"]
[BlackFideId "14101610"]
[EventDate "2016.10.02"]

1. c4 e6 2. g3 d5 3. Bg2 d4 4. Nf3 Nf6 5. O-O Be7 6. e3 c5 7. b4 dxe3 8. fxe3
cxb4 9. Bb2 O-O 10. d4 Qc7 11. Nbd2 Nbd7 12. Qe2 e5 13. Nh4 Re8 14. Nf5 Bf8 15.
Qf3 g6 16. Nh4 exd4 17. Bxd4 Bg7 18. Qf2 Ne5 19. h3 Be6 20. g4 Rad8 21. Qg3 Nfd7
22. Nf5 Bxc4 23. Nxc4 gxf5 24. gxf5 Qxc4 25. Rac1 Qa6 26. f6 Nxf6 27. Bxe5 Nh5
28. Qg5 f6 29. Bxf6 Nxf6 30. Rc7 Rd7 31. Rxd7 Nxd7 32. Qd5+ Qe6 33. Qxe6+ Rxe6
34. Bd5 Nc5 35. Rf4 a5 36. Rf5 b6 37. Kf2 Bf8 38. Rf6 Ne4+ 39. Bxe4 Rxf6+ 0-1

[Event "ch-RUS Rapid w 2016"]
[Site "Sochi RUS"]
[Date "2016.10.03"]
[Round "9.8"]
[White "Kovanova, Baira"]
[Black "Gvanceladze, Anna"]
[Result "1-0"]
[WhiteTitle "WGM"]
[BlackTitle "WFM"]
[WhiteElo "2382"]
[BlackElo "2223"]
[WhiteFideId "4164083"]
[BlackFideId "4113721"]
[EventDate "2016.10.02"]

1. e4 c6 2. d4 d5 3. Nc3 dxe4 4. Nxe4 Bf5 5. Ng3 Bg6 6. Nf3 Nd7 7. Bd3 Ngf6 8.
Bxg6 hxg6 9. O-O Qc7 10. Bg5 O-O-O 11. c4 e5 12. Qa4 Kb8 13. Rad1 Nb6 14. Qc2
exd4 15. c5 Nbd5 16. Rxd4 Be7 17. b4 Nh5 18. Bxe7 Nxe7 19. Rxd8+ Rxd8 20. Nxh5
gxh5 21. Qh7 Qf4 22. Qxg7 Nd5 23. a3 Re8 24. h3 a6 25. Qh7 Ka7 26. Qxh5 Rg8 27.
Qh7 Rg6 28. Kh1 Qf6 29. Qh4 Qg7 30. Rg1 Qb2 31. Qh7 Qxf2 32. Qxf7 Rf6 33. Qg7
Re6 34. Nd4 Re7 35. Qh8 Nf4 36. Qd8 Nd5 37. Qh8 Nf4 38. Qd8 Nd5 39. b5 axb5 40.
Qa5+ Kb8 41. Qd8+ Ka7 42. Qa5+ Kb8 43. Qd8+ Ka7 44. Nxb5+ Ka6 45. Nd6 Qxc5 46.
Qa8+ Kb6 47. Nc8+ Kc7 48. Nxe7 Qxe7 49. Qa5+ Kd6 50. Re1 Qh4 51. Qd2 Kc7 52. Rf1
Kd6 53. Qd3 Qg5 54. Kh2 Qh6 55. Rf7 b5 56. Qg3+ Kc5 57. Rf5 Qc1 58. h4 Kb6 59.
Qf2+ Kc7 60. Rf3 Qh6 61. Rf7+ Kd6 62. Qg3+ Kc5 63. Qf2+ Kd6 64. Qg3+ Kc5 65. Rf5
Kb6 66. h5 Qd2 67. Qf2+ 1-0

[Event "ch-RUS Rapid w 2016"]
[Site "Sochi RUS"]
[Date "2016.10.03"]
[Round "9.9"]
[White "Kovalevskaya, Ekaterina"]
[Black "Severina, Maria"]
[Result "1/2-1/2"]
[WhiteTitle "IM"]
[BlackTitle "WIM"]
[WhiteElo "2437"]
[BlackElo "2232"]
[WhiteFideId "4116704"]
[BlackFideId "4116909"]
[EventDate "2016.10.02"]

1. Nf3 Nf6 2. c4 b6 3. g3 Bb7 4. Bg2 e6 5. O-O Be7 6. b3 O-O 7. Bb2 c5 8. Nc3
Nc6 9. d4 Nxd4 10. Nxd4 Bxg2 11. Kxg2 cxd4 12. Qxd4 Qc7 13. Rad1 Rfd8 14. e4 d6
15. f3 a6 16. Rd2 Rab8 17. Rc1 Ne8 18. Qe3 Qb7 19. a4 Nf6 20. Ba3 Ne8 21. Rcd1
Qc7 22. Rc1 Nf6 23. Rcd1 Ne8 24. Rc1 Nf6 25. Rcd1 1/2-1/2

[Event "ch-RUS Rapid w 2016"]
[Site "Sochi RUS"]
[Date "2016.10.03"]
[Round "9.10"]
[White "Travkina, Anastasia"]
[Black "Drozdova, Dina"]
[Result "0-1"]
[WhiteTitle "WFM"]
[BlackTitle "WIM"]
[WhiteElo "2292"]
[BlackElo "2242"]
[WhiteFideId "24129151"]
[BlackFideId "4170695"]
[EventDate "2016.10.02"]

1. e4 d6 2. d4 Nf6 3. Nc3 e5 4. dxe5 dxe5 5. Qxd8+ Kxd8 6. Bg5 Be6 7. g3 h6 8.
Bxf6+ gxf6 9. O-O-O+ Kc8 10. f4 c6 11. f5 Bd7 12. Bc4 Be8 13. Nf3 Nd7 14. a4 Kc7
15. g4 Rd8 16. h4 Bc5 17. Rh2 Be3+ 18. Kb1 Nb6 19. Bb3 Rxd1+ 20. Nxd1 Bf4 21.
Rg2 Nc8 22. Nc3 Nd6 23. g5 hxg5 24. hxg5 fxg5 25. Nxg5 Rh1+ 26. Ka2 Kd8 27. Nf3
Rh3 28. Nd2 Re3 29. Nc4 Nxc4 30. Bxc4 Rg3 31. Rf2 Rh3 32. Rg2 Rg3 33. Rf2 Rg4
34. Ne2 Bg5 35. Nc3 Rh4 36. Rg2 f6 37. a5 Ke7 38. Bd3 Bf7+ 39. b3 Kd6 40. Rg1
Rh2 41. Na4 Bh5 42. Nb2 b5 43. axb6 axb6 44. Nc4+ Kc5 45. Nxe5 Be3 46. Nd7+ Kd6
47. Rg7 Bd1 48. Nxf6 Bxc2 49. Rd7+ Kc5 50. Ng4 Rd2 51. Bxc2 Rxd7 52. Nxe3 Kd4
53. Nc4 b5 54. Na5 Kc3 55. e5 Kxc2 56. Nxc6 Rc7 57. Nd4+ Kd3 58. Nxb5 Rc5 59. e6
Rxf5 60. Nd6 Re5 61. Nc4 Rxe6 62. Ka3 Kc3 63. Ka4 Re8 64. Na5 Re4+ 65. Kb5 Re5+
66. Ka4 Re1 67. Kb5 Re4 68. Nc4 Rh4 69. Na5 Rg4 70. Kb6 Kb4 71. Nc6+ Kxb3 72.
Kc5 Rg5+ 73. Kd4 Rh5 74. Na5+ Rxa5 0-1

[Event "ch-RUS Rapid w 2016"]
[Site "Sochi RUS"]
[Date "2016.10.03"]
[Round "9.11"]
[White "Ovod, Evgenija"]
[Black "Tomilova, Elena"]
[Result "0-1"]
[WhiteTitle "IM"]
[BlackTitle "WIM"]
[WhiteElo "2362"]
[BlackElo "2309"]
[WhiteFideId "4131827"]
[BlackFideId "4162340"]
[EventDate "2016.10.02"]

1. d4 Nf6 2. Nf3 b6 3. Bg5 Bb7 4. Nbd2 e6 5. e3 h6 6. Bh4 Be7 7. Bd3 g5 8. Bg3
g4 9. Ne5 h5 10. e4 d6 11. Nec4 d5 12. exd5 Qxd5 13. Ne3 Qxd4 14. Ndc4 Nc6 15.
Bxc7 Qd7 16. Bxb6 axb6 17. Nxb6 Qc7 18. Nxa8 Bxa8 19. c3 Ne5 20. Bb5+ Kf8 21. a4
Nf3+ 22. Kf1 Kg7 23. Qe2 Nxh2+ 24. Ke1 Nd5 25. Qc4 Qb8 26. Bc6 Nxe3 27. fxe3
Qg3+ 28. Ke2 Bxc6 29. Qxc6 Bg5 30. Qe4 f5 31. Qd4+ Kg6 32. Rxh2 Rd8 33. Qc5 Qxh2 0-1

[Event "ch-RUS Rapid w 2016"]
[Site "Sochi RUS"]
[Date "2016.10.03"]
[Round "9.12"]
[White "Sukhareva, Evgeniya"]
[Black "Belenkaya, Dina"]
[Result "1-0"]
[BlackTitle "WFM"]
[WhiteElo "2151"]
[BlackElo "2313"]
[WhiteFideId "4167155"]
[BlackFideId "24142654"]
[EventDate "2016.10.02"]

1. d4 d5 2. Nf3 Nf6 3. c4 dxc4 4. e3 a6 5. Bxc4 e6 6. a4 c5 7. O-O Nc6 8. Nc3
Be7 9. Qd3 O-O 10. Rd1 cxd4 11. exd4 Nd5 12. Ne4 Ncb4 13. Qe2 Bd7 14. Ne5 Be8
15. Ra3 f6 16. Nf3 Rc8 17. Bd2 Kh8 18. Nc5 Bxc5 19. dxc5 Qe7 20. Nd4 e5 21. Nb3
Bf7 22. Raa1 Rfd8 23. Rac1 Nc6 24. Qe4 Rd7 25. Qh4 Bg6 26. Qg4 Rcd8 27. Be1 f5
28. Qe2 Nf4 29. Qc2 Nd4 30. Nxd4 Rxd4 31. Rxd4 Rxd4 32. c6 Qg5 33. g3 bxc6 34.
Bxa6 Nh3+ 35. Kf1 f4 36. Qxc6 fxg3 37. hxg3 h6 38. Qa8+ Rd8 39. Rc8 Rxc8 40.
Qxc8+ Kh7 41. Qxh3 Bf5 42. Qh4 Qc1 43. Qb4 Qc6 44. Bb7 Bd3+ 45. Kg1 Qc2 46. Qd2
Qb3 47. Bc6 e4 48. Qe3 Qe6 49. Bb5 Bc2 50. Bc3 Qg4 51. Be2 Qh3 52. Qd4 1-0

[Event "ch-RUS Rapid w 2016"]
[Site "Sochi RUS"]
[Date "2016.10.03"]
[Round "9.13"]
[White "Baraeva, Marina"]
[Black "Berdychevskaya, Natasha"]
[Result "1-0"]
[WhiteTitle "WIM"]
[BlackTitle "WFM"]
[WhiteElo "2173"]
[BlackElo "2208"]
[WhiteFideId "24142573"]
[BlackFideId "4159322"]
[EventDate "2016.10.02"]

1. d4 Nf6 2. c4 Nc6 3. Nc3 e5 4. d5 Ne7 5. e4 Ng6 6. Be3 d6 7. f3 Be7 8. g3 O-O
9. Nh3 Ne8 10. Nf2 f5 11. Nd3 Nf6 12. Be2 fxe4 13. fxe4 Bh3 14. Rg1 Bd7 15. h4
h6 16. Nf2 c6 17. Qd2 cxd5 18. cxd5 a6 19. a4 Rc8 20. a5 Be8 21. Ng4 Nxg4 22.
Bxg4 Bd7 23. Bh5 Be8 24. Bb6 Qd7 25. Qe2 Rxc3 26. bxc3 Qc8 27. Kd2 Bb5 28. Qe3
Nh8 29. Be2 Qe8 30. Bxb5 Qxb5 31. Rab1 Qa4 32. Qd3 Nf7 33. Rb4 Qd7 34. Rc4 Bd8
35. Rf1 Qb5 36. Rc8 Qd7 37. Rc4 Qb5 38. Rb4 Qd7 39. Bxd8 Qxd8 40. Rxb7 Qxa5 41.
Qf3 Qa2+ 42. Kd3 Qa5 43. Rxf7 Qb5+ 44. Kd2 Qb2+ 45. Kd3 Qb5+ 46. Kc2 Qa4+ 47.
Kd2 Rxf7 48. Qxf7+ Kh7 49. Qf5+ Kg8 50. Qe6+ Kh7 51. Qf5+ Kg8 52. Qf7+ Kh7 53.
Qf3 Qa2+ 54. Kd3 Qb3 55. Qf5+ Kh8 56. Qf2 Qb5+ 57. Ke3 Qc5+ 58. Kf3 Qxc3+ 59.
Kg2 Qc4 60. Qf8+ Kh7 61. Qf5+ Kh8 62. Kh3 a5 63. Rb1 Qc7 64. Qe6 a4 65. Rf1 Qd8
66. Qf7 Qc8+ 67. Qf5 1-0

[Event "ch-RUS Rapid w 2016"]
[Site "Sochi RUS"]
[Date "2016.10.03"]
[Round "9.14"]
[White "Semenova, Elena1"]
[Black "Makarenko, Alexandra"]
[Result "1-0"]
[WhiteTitle "WIM"]
[BlackTitle "WFM"]
[WhiteElo "2256"]
[BlackElo "2243"]
[WhiteFideId "24125148"]
[BlackFideId "4165055"]
[EventDate "2016.10.02"]

1. e4 e5 2. Nf3 Nc6 3. Bc4 Bc5 4. c3 Nf6 5. d3 O-O 6. O-O d5 7. exd5 Nxd5 8. Re1
Bg4 9. Nbd2 Nb6 10. Bb5 Bd6 11. h3 Bh5 12. Bxc6 bxc6 13. Ne4 Bxf3 14. Qxf3 f5
15. Ng5 Qd7 16. Qh5 h6 17. Nf3 Rae8 18. Bd2 Nd5 19. Nh4 Qf7 20. Qxf7+ Rxf7 21.
d4 e4 22. c4 Bb4 23. Rad1 Bxd2 24. Rxd2 Nb6 25. b3 g5 26. Nf3 Nd7 27. Nh2 Kg7
28. Rde2 Rfe7 29. Nf1 f4 30. Nd2 Nf6 31. Nf3 Re6 32. Ne5 c5 33. Nf3 cxd4 34.
Nxd4 Ra6 35. Nb5 Re7 36. Rd1 Kf7 37. Rd8 e3 38. fxe3 fxe3 39. Nc3 Rae6 40. Re1
c6 41. Rd3 Nh5 42. Rf1+ Kg6 43. Ne2 Nf6 44. Rf3 Nd7 45. Rd1 c5 46. Rd5 Re4 47.
Rd6+ Kg7 48. Kf1 R4e6 49. Rxe6 Rxe6 50. Ng3 Ra6 51. Rxe3 Kf6 52. Rd3 Ne5 53. Rd2
Ra5 54. a4 Ke6 55. Ne4 Kf5 56. Nd6+ Kf4 57. Kf2 Ng6 58. g3+ Ke5 59. Nb7 Ra6 60.
Nxc5 Rf6+ 61. Kg2 Rf7 62. Rd5+ Kf6 63. Rd6+ Kg7 64. Rd7 Ne5 65. Rxf7+ Kxf7 66.
Kf2 Ke7 67. Ke3 Nc6 68. Ke4 Na5 69. Kd5 h5 70. b4 1-0

[Event "ch-RUS Rapid w 2016"]
[Site "Sochi RUS"]
[Date "2016.10.03"]
[Round "9.15"]
[White "Bulatova, Kamaliya"]
[Black "Markelova, Lubov"]
[Result "1/2-1/2"]
[BlackTitle "WFM"]
[WhiteElo "1989"]
[BlackElo "2133"]
[WhiteFideId "34111546"]
[BlackFideId "24131369"]
[EventDate "2016.10.02"]

1. d4 e6 2. Bf4 c5 3. e3 Qb6 4. b3 Nf6 5. Nf3 Nc6 6. c3 Be7 7. h3 O-O 8. Bd3 Nd5
9. Bh2 cxd4 10. exd4 Qa5 11. O-O f5 12. c4 Nf6 13. Nbd2 Qc3 14. Qc2 Qxc2 15.
Bxc2 b6 16. Rad1 Bb7 17. Nb1 Nb4 18. Rd2 Be4 19. Bxe4 Nxe4 20. Re2 g5 21. a3 Nc6
22. d5 Na5 23. Nfd2 Nxd2 24. Nxd2 Bxa3 25. dxe6 dxe6 26. Rxe6 Bb4 27. Nf3 g4 28.
hxg4 fxg4 29. Ne5 h5 30. Rd1 Rad8 31. Nd7 Bc3 32. Rd5 Rfe8 33. Rxe8+ Rxe8 34.
Bf4 Bg7 35. Rxh5 Nxb3 36. Rg5 Kf7 37. Rxg4 Re7 38. Nb8 Nd4 39. Kh2 a5 40. Na6 a4
41. Nb4 Re4 42. f3 Re2 43. Bc1 Nxf3+ 44. Kg3 Ne5 45. Rf4+ Ke6 46. Rf2 Rxf2 47.
Kxf2 Nxc4 48. Na2 b5 49. Ke2 Bf8 50. Nc3 Nd6 51. Ba3 Be7 52. Kd3 Nc4 53. Bxe7
Kxe7 54. Nxb5 Ne5+ 55. Kc3 Kf6 1/2-1/2

[Event "ch-RUS Rapid w 2016"]
[Site "Sochi RUS"]
[Date "2016.10.03"]
[Round "10.2"]
[White "Goryachkina, Aleksandra"]
[Black "Ambartsumova, Karina"]
[Result "1-0"]
[WhiteTitle "WGM"]
[BlackTitle "WGM"]
[WhiteElo "2460"]
[BlackElo "2280"]
[WhiteFideId "4147103"]
[BlackFideId "4166299"]
[EventDate "2016.10.02"]

1. d4 Nf6 2. c4 g6 3. Nc3 Bg7 4. e4 d6 5. Nf3 O-O 6. Be2 e5 7. Be3 Nc6 8. d5 Ne7
9. Nd2 Nd7 10. Qc2 f5 11. f3 a5 12. g4 fxg4 13. fxg4 Nc5 14. h4 c6 15. O-O-O Bd7
16. Kb1 Rb8 17. h5 Rf7 18. Nf3 cxd5 19. cxd5 Qc8 20. Ng5 Rf8 21. Nb5 Bxb5 22.
Bxb5 h6 23. Bxc5 dxc5 24. d6 Nc6 25. d7 Qd8 26. Ne6 Nd4 27. Rxd4 Qb6 28. Rdd1
Qd8 1-0

[Event "ch-RUS Rapid w 2016"]
[Site "Sochi RUS"]
[Date "2016.10.03"]
[Round "10.3"]
[White "Pogonina, Natalija"]
[Black "Gritsayeva, Oksana"]
[Result "1-0"]
[WhiteTitle "WGM"]
[BlackTitle "WFM"]
[WhiteElo "2484"]
[BlackElo "2321"]
[WhiteFideId "4147855"]
[BlackFideId "14104652"]
[EventDate "2016.10.02"]

1. d4 d5 2. c4 dxc4 3. e4 Nc6 4. Nf3 Nf6 5. d5 Na5 6. Qa4+ c6 7. Bd2 b6 8. dxc6
Nxe4 9. Bxa5 bxa5 10. Bxc4 Nd6 11. Nc3 Nxc4 12. Qxc4 Be6 13. Qa4 Qb6 14. O-O
O-O-O 15. c7 Kxc7 16. Rac1 Kb7 17. Qe4+ Kb8 18. Ne5 Rd6 19. Na4 Bd5 20. Qf5 Qd8
21. Nxf7 Bxf7 22. Qxf7 e6 23. Nc5 Be7 24. Nxe6 Qe8 25. Qf4 Qd7 26. Nc5 Qb5 27.
Rfe1 Rc8 28. Rxe7 Qxc5 29. Rxc5 1-0

[Event "ch-RUS Rapid w 2016"]
[Site "Sochi RUS"]
[Date "2016.10.03"]
[Round "10.4"]
[White "Drozdova, Dina"]
[Black "Galliamova, Alisa"]
[Result "1-0"]
[WhiteTitle "WIM"]
[BlackTitle "IM"]
[WhiteElo "2242"]
[BlackElo "2450"]
[WhiteFideId "4170695"]
[BlackFideId "4129725"]
[EventDate "2016.10.02"]

1. d4 d5 2. c4 c6 3. cxd5 cxd5 4. Nc3 Nf6 5. Nf3 Nc6 6. Bf4 e6 7. e3 Be7 8. Bd3
Nh5 9. Be5 Nf6 10. Bg3 Nh5 11. Be5 Nxe5 12. dxe5 g6 13. Qa4+ Kf8 14. Rc1 a6 15.
O-O Bd7 16. Qb3 b5 17. a3 Rb8 18. Ne2 b4 19. a4 Qa5 20. Ra1 Rc8 21. Qd1 f5 22.
b3 Kf7 23. Rc1 Rxc1 24. Qxc1 Rc8 25. Qd2 Qb6 26. Rc1 Rxc1+ 27. Qxc1 Ng7 28. h4
h6 29. g3 Ne8 30. Kg2 Nc7 31. Nfd4 Qc5 32. Qb1 a5 33. h5 g5 34. g4 fxg4 35. Bh7
Bf8 36. Qg6+ Ke7 37. Qf6+ 1-0

[Event "ch-RUS Rapid w 2016"]
[Site "Sochi RUS"]
[Date "2016.10.03"]
[Round "10.5"]
[White "Vasilevich, Tatjana"]
[Black "Tomilova, Elena"]
[Result "1-0"]
[WhiteTitle "IM"]
[BlackTitle "WIM"]
[WhiteElo "2372"]
[BlackElo "2309"]
[WhiteFideId "14101610"]
[BlackFideId "4162340"]
[EventDate "2016.10.02"]

1. d4 Nf6 2. c4 b6 3. Nc3 Bb7 4. d5 e6 5. a3 Bd6 6. g3 Be5 7. Bg2 Bxc3+ 8. bxc3
d6 9. Nh3 O-O 10. O-O e5 11. e4 Nbd7 12. f4 exf4 13. gxf4 Re8 14. Re1 Ba6 15.
Qd4 Nc5 16. Rb1 Nfd7 17. Bd2 Qh4 18. Nf2 Nf6 19. e5 Ng4 20. Nxg4 Qxg4 21. Re3
Qf5 22. Rb2 Rad8 23. Bh3 Qh5 24. Be1 Bc8 25. Bxc8 Rxc8 26. Rg2 g6 27. Rg5 dxe5
28. Rgxe5 Qg4+ 29. Kh1 Rxe5 30. fxe5 Qf5 31. Kg2 Re8 32. Bf2 a5 33. Bh4 h5 34.
Bg3 Nb3 35. Qd1 a4 36. Qe2 Nc5 37. Rf3 Qg5 38. Qe3 Qg4 39. Rf4 Qg5 40. Rf3 Qg4
41. Rf4 Qg5 42. e6 Nxe6 43. dxe6 Rxe6 44. Qf3 Qe7 45. Bf2 f5 46. Rd4 Qxa3 47.
Rd8+ Kh7 48. Bd4 Qb2+ 49. Kh3 g5 50. Qxf5+ Rg6 51. Rh8# 1-0

[Event "ch-RUS Rapid w 2016"]
[Site "Sochi RUS"]
[Date "2016.10.03"]
[Round "10.6"]
[White "Diakonova, Ekaterina"]
[Black "Kovanova, Baira"]
[Result "0-1"]
[BlackTitle "WGM"]
[WhiteElo "2321"]
[BlackElo "2382"]
[WhiteFideId "24172936"]
[BlackFideId "4164083"]
[EventDate "2016.10.02"]

1. e4 e5 2. Nf3 Nc6 3. Bb5 a6 4. Ba4 Nf6 5. Bxc6 dxc6 6. Qe2 Bd6 7. b3 c5 8. Bb2
Qe7 9. a4 Nh5 10. Nc3 Nf4 11. Qf1 Be6 12. Ne2 Ng6 13. h4 h5 14. g3 c4 15. bxc4
Bxc4 16. d3 Be6 17. Ng5 Bg4 18. f3 Bd7 19. f4 exf4 20. Nxf4 Bxf4 21. gxf4 Qb4+
22. Ke2 Qxb2 23. Rc1 Bg4+ 24. Ke3 Qb6+ 25. d4 f6 26. Nf3 O-O-O 27. c3 Rhe8 28.
Nd2 Qc6 29. a5 Bf5 30. e5 fxe5 31. fxe5 Bg4 32. Ne4 Nxe5 0-1